000 01066cam a2200229 4500500
005 20260111132234.0
041 _afre
042 _adc
100 1 0 _aRichaud, Ludivine
_eauthor
700 1 0 _aProuvez, Valentine
_eauthor
245 0 0 _aDe la rencontre comme suppléance : une praxis « en marge », hors de l’institution
260 _c2025.
500 _a42
520 _aLe soin, l’accompagnement sont-ils « librement consentis » ? De nombreuses résistances de la part des personnes accompagnées, constatées par les professionnels, soulèvent la question. C’est peut-être alors dans les marges, dans d’autres espaces que celui, normé, de l’institution, dans d’autres espaces de rencontre que le soin opère.
690 _amarge
690 _anorme
690 _apraxis
690 _arencontre
690 _aSoin
786 0 _nVST - Vie sociale et traitements | 168 | 4 | 2025-12-05 | p. 77-83 | 0396-8669
856 4 1 _uhttps://shs.cairn.info/revue-vst-vie-sociale-et-traitements-2025-4-page-77?lang=fr&redirect-ssocas=7080
999 _c1634635
_d1634635